1451 1963 1987 1851 1601 1667 1326 1231 1316 1246 1203 1309 1088 1734 1399 1563 1977 1411 1388 1727 1058 1060 1956 1297 1468 1104 1014 1005 1136 1762 1415 1386 1851 1354 1058 1228 1473 1500 1581 1701 1341 1721 1219 1458 1466 1892 1544 1273 1074 1633 1708 1249 1150 1611 1547 1781 1118 1244 1229 1694 1923 1577 1864 1862 1477 1070 1356 1367 1068 1238 1290 1504 1521 1746 1451 1445 1025 1840 1872 1827 1196 1534 1216 1058 1879 1901 1316 1578 1154 1587 1764 1979 1054 1679 1520 1275 1403 1268 1711 BCNSPRNW ULIB Ver.6.0+V

เปลี่ยนเป็นภาษาไทย

Change to English
 แสดงรายละเอียดบรรณานุกรม
  กลับหน้าหลัก

Brief Record : Get Marc (ISO 2709) : E-mail record : QR code < ปิดหน้าต่าง
LEADER : 00000nam 2200000uu 4500
001    13399121134
003     ULIB
008    020711s2547 th a 000 0 tha d
050    LB^bก432พ
100    ภาณุพงษ์ คงจันทร์
245    บทวิจารณ์วรรณกรรม รางวัลชมเชย เรื่องมองวรรณกรรมและการเมืองไทยยุคเอื้ออาทร/^cภาณุพงษ์ คงจันทร์
250    พิมพ์ครั้งที่ 1
260    นครสวรรค์ :^bม.ป.ท.,^c2547
300    10 หน้า
945    ^p0^l0^i12490
999    ^aทศพร เกษรทอง
รายการนี้ยังไม่มีแท็ก
คุณยังไม่ได้ล็อกอิน คุณสามารถมีกิจกรรมร่วมกับเว็บไซต์ได้ แต่ต้องล็อกอินก่อน ::
  ล็อกอิน

รายการสื่อสารสนเทศ

ลำดับที่ ประเภท เลขเรียก/บาร์โค้ด สถานที่ สถานะ
1. วิทยาศาสตร์การแพทย์ และสุขภาพ
วิทยาศาสตร์การแพทย์ และสุขภาพ
LB ก432พ  
  Barcode: 12490
ห้องสมุดวิทยาเขตสวรรค์ประชารักษ์
►หนังสือทั่วไป
บนชั้น

BibComment


ยังไม่เคยถูกคอมเมนท์

คอมเมนท์ทรัพยากรรายการนี้
  คอมเมนท์: บทวิจารณ์วรรณกรรม..


 Copyright 2026. Bcnsprnw @Library